[Event "Southend Masters"]
[Site "Southend"]
[Date "2023.04.06"]
[Round "1"]
[White "Chan, Kim Yew"]
[Black "Han, Yichen"]
[Result "1/2-1/2"]
[WhiteElo "2367"]
[BlackElo "2406"]
[PlyCount "72"]
[EventDate "2023.04.06"]
[EventType "tourn"]
[EventRounds "9"]
[EventCountry "ENG"]
[EventCategory "9"]
[SourceTitle "CBM 213 Extra"]
[Source "ChessBase"]
[SourceDate "2023.05.31"]
[SourceVersion "1"]
[SourceVersionDate "2023.05.31"]
[SourceQuality "1"]

1. Nf3 d5 2. d4 Nf6 3. c4 e6 4. g3 dxc4 5. Bg2 Nc6 6. Qa4 Bb4+ 7. Bd2 Nd5 8. Qb5 Bxd2+ 9. Nbxd2 c3 10. bxc3 Nxc3 11. Qb3 Nd5 12. 0-0 Nb6 13. e3 0-0 14. Rfc1 Re8 15. Ne4 e5 16. Rxc6 bxc6 17. Nxe5 Be6 18. Qc2 Bd5 19. Nxc6 Bxc6 20. Qxc6 Rb8 21. Rc1 Re7 22. h4 Nc8 23. Rc2 Nd6 24. Nc3 Re6 25. Qa4 Nc8 26. Qa5 Rd6 27. Bf3 c6 28. Qc5 Qb6 29. Ne4 Qxc5 30. Rxc5 Rh6 31. a4 Ne7 32. Ra5 Rb7 33. Nc5 Rc7 34. Na6 Rb7 35. Nc5 Rc7 36. Na6 Rb7 1/2-1/2

[Event "Titled Tuesday intern op 28th Mar Early"]
[Site "Chess.com INT"]
[Date "2023.03.28"]
[Round "8"]
[White "Chan, Kim Yew"]
[Black "Melian, Juan Sebastian"]
[Result "1-0"]
[WhiteElo "2350"]
[BlackElo "2327"]
[PlyCount "165"]
[EventDate "2023.03.28"]
[EventType "swiss (blitz)"]
[EventRounds "11"]
[EventCountry "USA"]
[SourceTitle "EXT 2024"]
[Source "ChessBase"]
[SourceDate "2023.10.10"]
[SourceVersion "1"]
[SourceVersionDate "2023.10.10"]
[SourceQuality "1"]

1. c4 e5 2. Nc3 Bb4 3. Nd5 Bc5 4. Nf3 Nc6 5. d3 d6 6. g3 Nge7 7. Bg2 0-0 8. 0-0 Be6 9. Nd2 a6 10. a3 f5 11. b4 Ba7 12. Rb1 Qd7 13. a4 f4 14. b5 axb5 15. axb5 Nd8 16. b6 Bxd5 17. bxc7 Qxc7 18. cxd5 Nf5 19. Ne4 fxg3 20. hxg3 Nf7 21. e3 Rfc8 22. Bh3 g6 23. Qf3 N7h6 24. g4 Nh4 25. Qg3 Qe7 26. Nxd6 Qxd6 27. Qxh4 Nf7 28. Rxb7 Rc7 29. Rxc7 Qxc7 30. Qf6 Rf8 31. Bb2 Bc5 32. Bg2 Be7 33. Qe6 Bd6 34. Rc1 Qb8 35. Ba1 Kg7 36. Qd7 Rd8 37. Qc6 Kg8 38. Qc2 Ng5 39. Rb1 Qa7 40. Bc3 Rc8 41. Qb2 Qc7 42. Bd2 Qe7 43. Qb7 Rc7 44. Qa8+ Kg7 45. Rb8 Nf7 46. Rb2 h5 47. gxh5 gxh5 48. Qa4 Qg5 49. Qe4 h4 50. Qf3 Nh6 51. Kf1 Rf7 52. Qe4 Ng4 53. Be1 Nxe3+ 54. Kg1 Ng4 55. Rb6 Nf6 56. Qe3 Qxe3 57. fxe3 Bc5 58. Rc6 Bxe3+ 59. Kh2 Bf4+ 60. Kh3 Bg5 61. Be4 Kh6 62. Bxh4 Bxh4 63. Kxh4 Kg7 64. Kg5 Ng8 65. Re6 Rd7 66. Rxe5 Kf7 67. Bg6+ Kg7 68. Bf5 Ra7 69. d6 Kf8 70. d7 Ra8 71. Bg6 Ne7 72. Bh5 Rd8 73. Bg4 Nc6 74. Re4 Ne7 75. d4 Nc6 76. d5 Ne7 77. d6 Ng8 78. Kg6 Ra8 79. Rf4+ Nf6 80. Rxf6+ Kg8 81. Re6 Rd8 82. Re8+ Rxe8 83. dxe8Q# 1-0